000 00658cam a2200217 a 4500
001 000018662
005 20200929165834.0
008 850116s1986 nyu 000 e eng d
020 _a0553258915
040 _aDO-SdBNP
_beng
_cLC
_dBNPHU
082 _a814.5
_bD923t
100 1 _aDunne, Dominick.
_940311
245 1 4 _aThe two Mrs. Grenvilles :
_ba novel /
_cDominick Dunne.
260 _aNew York :
_bBantam Books,
_c1986.
300 _a374 p. ;
_c18 cm.
650 4 _aEnsayo estadounidense
_xFicción
_940312
650 4 _aAsesinatos
_xEnsayos
_940313
650 4 _aLiteratura estadounidense
_9263
910 _aCatalogación derivada / LC
049 _aBNGR
999 _c18182
_d18182